LEADER 01039nam0-22003251i-450- 001 990004474240403321 005 20141119131727.0 035 $a000447424 035 $aFED01000447424 035 $a(Aleph)000447424FED01 035 $a000447424 100 $a19990604g18541856km-y0itay50------ba 101 0 $aita 105 $ay-------001yy 200 1 $aHistoire de la seconde rèpublique Française$fHippolyte Castille 210 $aParis$cV. Lecou$d1854-1856 215 $a4 v.$d21 cm 610 0 $aFrancia - Seconda repubblica -2. Impero$a1848-1870 676 $a944.07 700 1$aCastille,$bCharles Hyppolite$0494598 801 0$aIT$bUNINA$gRICA$2UNIMARC 901 $aBK 912 $a990004474240403321 952 $aSG 900/B 152 (1)$bR.Bibl. 13131a$fFLFBC 952 $aSG 900/B 152 (2)$bR.Bibl. 13131b$fFLFBC 952 $aSG 900/B 152 (3)$bR.Bibl. 13131c$fFLFBC 952 $aSG 900/B 152 (4)$bR.Bibl. 13131d$fFLFBC 959 $aFLFBC 996 $aHistoire de la seconde rèpublique Française$9546283 997 $aUNINA LEADER 02062nam0-22004571i-450- 001 990009872110403321 005 20160901145532.0 012 $aele, eln- o-ne O.N. (3) 1768 (R)$2fei$5IT-NA0107: RARI F 51 (1) 035 $a000987211 035 $aFED01000987211 035 $a(Aleph)000987211FED01 035 $a000987211 100 $a20140620d1768----km-y0itay50------ba 101 0 $aita 140 $aaf--af--a------------------- 141 $aa--b-cb-$5IT-NA0107:-RARI-F-51-(1)--------------------------------------------------- 200 1 $aDell'architettura di Mario Gioffredo architetto napoletano parte prima [-terza] nella quale si tratta degli ordini dell'architettura dé Greci, e degl'Italiani, e si danno le regole più spedite per disegnarli 210 $aNapoli$ccon pubblica autorità$d1768 215 $a3 v.$cill.$dfol. 307 $aSegn: a2 A-G2 307 $aFrontespizio calcografico raffigurante l'allegoria dell'Architettura 307 $aA c. A1r testatina calcografica (110x265mm) incisa da Carlo Nolli 307 $aA c. a1r e A1r grandi iniziali calcografiche decorate incise da Carlo Nolli 307 $aCors. ; rom. 314 $aTavole calcografiche incise da F. Giomignani 327 0 $a1.: [4], 28 p., XXXI c. di tav. 610 0 $aGioffredo, Mario$aOpere 610 0 $aArchitettura$aTrattatista$aSec. 17. 620 $aItalia.$dNapoli 676 $a720.92$zita 700 1$aGioffredo,$bMario$0523268 701 1$aNolli,$bCarlo$c$0748356 701 1$aGiomignani,$bFrancesco$c$0748708 801 0$aIT$bUNINA$gRICA$2UNIMARC 856 4 $zGoogle Books$uhttps://books.google.it/books?isbn=8871886291$e2016/04/13 901 $aAQ 912 $a990009872110403321 952 $aRARI F 51 (1)$b2043$fFARBC 959 $aFARBC 996 $aDell'architettura di Mario Gioffredo architetto napoletano parte prima nella quale si tratta degli ordini dell'architettura dé Greci, e degl'Italiani, e si danno le regole più spedite per disegnarli$91498458 997 $aUNINA